| 000 | 00506nam a2200181Ia 4500 | ||
|---|---|---|---|
| 008 | 151018s9999 xx 000 0 und d | ||
| 082 |
_bRBASDV34987 _a891.463 |
||
| 100 | _aविमल वाणी | ||
| 245 | _aजिद्द | ||
| 250 | _b1 | ||
| 260 |
_bअमोल प्रकाशन मुंबई _c2000 |
||
| 300 | _a165 | ||
| 600 | _aविमल वाणी | ||
| 630 | _aजिद्द | ||
| 700 | _aविमल वाणी | ||
| 730 | _aजिद्द | ||
| 942 | _cBOOK | ||
| 999 |
_c1034467 _d1034464 |
||